गाँधी नहीं मरेगाःलघु नाटय संग्रह (Record no. 6992)

MARC details
000 -LEADER
fixed length control field 01220 a2200253 4500
005 - DATE AND TIME OF LATEST TRANSACTION
control field 20080912124643.0
008 - FIXED-LENGTH DATA ELEMENTS--GENERAL INFORMATION
fixed length control field 080912t xxu||||| |||| 00| 0 hin d
010 ## - LIBRARY OF CONGRESS CONTROL NUMBER
LC control number HIN-80745
020 ## - INTERNATIONAL STANDARD BOOK NUMBER
Terms of availability 200.00
035 ## - SYSTEM CONTROL NUMBER
System control number HN-53091
037 ## - SOURCE OF ACQUISITION
Source of stock number/acquisition D.B.Act / pub
082 ## - DEWEY DECIMAL CLASSIFICATION NUMBER
Classification number 822
100 ## - MAIN ENTRY--PERSONAL NAME
Personal name (सिन्हा)सिनहा, परेश
245 ## - TITLE STATEMENT
Title गाँधी नहीं मरेगाःलघु नाटय संग्रह
Statement of responsibility, etc परेश सिनहा
246 ## - VARYING FORM OF TITLE
Title proper/short title Gandhi Nahin Marega
Remainder of title by Paresh Singh
260 ## - PUBLICATION, DISTRIBUTION, ETC. (IMPRINT)
Place of publication, distribution, etc पटना
Name of publisher, distributor, etc विशाल पब्लिकेशंन
Date of publication, distribution, etc 2006
270 ## - ADDRESS
Address कैलाश मार्केट, दरियापुर,पटना
City पटना
Postal code 800004
300 ## - PHYSICAL DESCRIPTION
Extent xvii,188पृ
Dimensions 22 सेमी (सजिल्द)
500 ## - GENERAL NOTE
General note शीर्षक जयनायक कर्पूरी ठाकुर का Same ISBN N 8189327283
650 ## - SUBJECT ADDED ENTRY--TOPICAL TERM
Topical term or geographic name as entry element हिन्दी नाटक
650 ## - SUBJECT ADDED ENTRY--TOPICAL TERM
Topical term or geographic name as entry element Hindi Play
942 ## - ADDED ENTRY ELEMENTS (KOHA)
Institution code [OBSOLETE] dpl
Koha item type Hindi Books
Call number prefix 822 / सिनहा
Source of classification or shelving scheme Dewey Decimal Classification
Classification part 822
Call number suffix सिनहा
Holdings
Withdrawn status Lost status Damaged status Not for loan Home library Current library Date acquired Cost, normal purchase price Total Checkouts Full call number Barcode Date last seen Copy number Uniform Resource Identifier Cost, replacement price Price effective from Koha item type
        D.B.Act.Division D.B.Act.Division 12/09/2008 200.00   822 सिनहा HN-53091 15/09/2008 1 7504 200.00 15/09/2008 Hindi Books

© Delhi Public Library
Hit Counter
free hit counter